[Event "POL-chT 2nd League"]
[Site "Jastrzebia Gora"]
[Date "2023.09.03"]
[Round "2.79"]
[White "Janocha, Wieslaw Adam"]
[Black "Klepek, Witold"]
[Result "1/2-1/2"]
[WhiteElo "2208"]
[BlackElo "2299"]
[PlyCount "108"]
[EventDate "2023.09.02"]
[EventType "team-swiss"]
[EventRounds "9"]
[EventCountry "POL"]
[SourceTitle "EXT 2024"]
[Source "ChessBase"]
[SourceDate "2023.10.10"]
[SourceVersion "1"]
[SourceVersionDate "2023.10.10"]
[SourceQuality "1"]
[WhiteTeam "Wroclaw Srodmiescie"]
[BlackTeam "Krakow AGH"]
[WhiteTeamCountry "POL"]
[BlackTeamCountry "POL"]

1. e4 e6 2. d4 d5 3. Nd2 c5 4. exd5 Qxd5 5. Ngf3 cxd4 6. Bc4 Qd6 7. 0-0 Nf6 8. Nb3 Nc6 9. Nbxd4 Nxd4 10. Qxd4 Qxd4 11. Nxd4 Bd7 12. Bf4 Rc8 13. Bb3 Bc5 14. Rad1 0-0 15. Rfe1 Rfd8 16. c3 b5 17. a3 a5 18. h3 Ra8 19. Bc7 Rdc8 20. Be5 Ra7 21. Nc2 Kf8 22. Bd4 Ke7 23. Re5 Rac7 24. f3 h6 25. Kf2 Bxd4+ 26. Rxd4 Rc5 27. Re2 Bc6 28. Ne3 Rd8 29. Red2 Rxd4 30. Rxd4 Ne8 31. Ke2 Nd6 32. Ba2 g5 33. Kd2 Bb7 34. Rd3 f5 35. Ke2 h5 36. Kf2 f4 37. Nc2 e5 38. Rd1 e4 39. Nd4 e3+ 40. Ke2 Re5 41. Bb3 Nf5 42. Nxf5+ Rxf5 43. Rd4 Bc6 44. Bc2 Rd5 45. Rxd5 Bxd5 46. b4 Bc4+ 47. Ke1 a4 48. Bg6 h4 49. Bh7 Kf6 50. Be4 Ke6 51. Bh7 Ke5 52. Bg6 Bd5 53. Bd3 Bc6 54. Ke2 Bd7 1/2-1/2

[Event "Ustron op-A"]
[Site "Ustron"]
[Date "2023.08.18"]
[Round "8"]
[White "Domalchuk Jonasson, Aleksandr"]
[Black "Klepek, Witold"]
[Result "1/2-1/2"]
[WhiteElo "2412"]
[BlackElo "2240"]
[PlyCount "143"]
[EventDate "2023.08.11"]
[EventType "swiss"]
[EventRounds "9"]
[EventCountry "POL"]
[SourceTitle "CBM 215 Extra"]
[Source "ChessBase"]
[SourceDate "2023.09.30"]
[SourceVersion "1"]
[SourceVersionDate "2023.09.30"]
[SourceQuality "1"]

1. d4 d5 2. c4 e6 3. Nc3 Bb4 4. Nf3 Nf6 5. Qa4+ Nc6 6. a3 Bxc3+ 7. bxc3 Ne4 8. Bf4 Nxc3 9. Qc2 Ne4 10. e3 0-0 11. Bd3 f5 12. cxd5 exd5 13. h4 h6 14. h5 Be6 15. Rb1 Nd6 16. g3 Na5 17. Ne5 Nac4 18. Qc3 Qe8 19. Nxc4 dxc4 20. Bxd6 cxd6 21. Bxc4 Rc8 22. Bxe6+ Qxe6 23. Qb2 f4 24. gxf4 Rxf4 25. Rg1 Rf7 26. Rc1 Rxc1+ 27. Qxc1 Qf5 28. Rg2 Qxh5 29. Qc8+ Kh7 30. Qe6 Rc7 31. Kd2 Qb5 32. Qa2 Qf1 33. Qd5 Qc1+ 34. Ke2 Qc4+ 35. Qxc4 Rxc4 36. Rg1 Ra4 37. Rb1 b6 38. Rb5 Rxa3 39. Rd5 b5 40. Rxb5 Kg6 41. Rb7 Kf6 42. Rd7 Ra6 43. Kf3 h5 44. Kg3 g5 45. f4 g4 46. Kh4 Ke6 47. Rg7 Ra5 48. e4 Kf6 49. Rd7 Ke6 50. Rh7 Kf6 51. Rd7 Ke6 52. Rb7 d5 53. Kxh5 dxe4+ 54. Kxg4 Ra4 55. f5+ Kf6 56. Rd7 e3 57. Rd6+ Ke7 58. Re6+ Kf7 59. Re4 e2 60. Kg5 Rxd4 61. Rxe2 Rd6 62. Rh2 Kg7 63. Rb2 Rb6 64. Rc2 a5 65. Rc7+ Kg8 66. Ra7 Rc6 67. Kf4 Kf8 68. Ke5 Rb6 69. Rd7 a4 70. Rd4 Ra6 71. Rd2 a3 72. Ra2 1/2-1/2

[Event "Krakow op-A 33rd"]
[Site "Krakow"]
[Date "2023.01.02"]
[Round "6"]
[White "Liu, Casper Yukun"]
[Black "Klepek, Witold"]
[Result "0-1"]
[WhiteElo "2306"]
[BlackElo "2216"]
[PlyCount "42"]
[EventDate "2022.12.27"]
[EventType "swiss"]
[EventRounds "9"]
[EventCountry "POL"]
[SourceTitle "CBM 212 Extra"]
[Source "ChessBase"]
[SourceDate "2023.03.31"]
[SourceVersion "1"]
[SourceVersionDate "2023.03.31"]
[SourceQuality "1"]

1. d4 Nf6 2. Bf4 c5 3. d5 b5 4. e4 Nxe4 5. Bd3 Qa5+ 6. c3 Nf6 7. a4 c4 8. Be2 Bb7 9. Na3 d6 10. Nxb5 a6 11. Na3 Qxd5 12. Qxd5 Nxd5 13. Bf3 Nxf4 14. Bxb7 Ra7 15. Bf3 d5 16. g3 Nd3+ 17. Ke2 e6 18. b3 Bxa3 19. bxc4 Bb2 20. Rb1 dxc4 21. Be4 Nd7 0-1

[Event "EU-ch Rapid"]
[Site "Katowice"]
[Date "2022.12.17"]
[Round "2"]
[White "Kosteniuk, Alexandra"]
[Black "Klepek, Witold"]
[Result "1-0"]
[WhiteElo "2520"]
[BlackElo "2216"]
[PlyCount "59"]
[EventDate "2022.12.17"]
[EventType "swiss (rapid)"]
[EventRounds "11"]
[EventCountry "POL"]
[SourceTitle "CBM 211 Extra"]
[Source "ChessBase"]
[SourceDate "2023.01.31"]
[SourceVersion "1"]
[SourceVersionDate "2023.01.31"]
[SourceQuality "1"]

1. e4 e6 2. d4 d5 3. exd5 exd5 4. Nf3 Nf6 5. Bd3 c5 6. 0-0 c4 7. Be2 Nc6 8. b3 cxb3 9. axb3 Be7 10. h3 0-0 11. Be3 Bf5 12. c4 Re8 13. Nc3 Bb4 14. Nxd5 Nxd5 15. cxd5 Qxd5 16. Bc4 Qd7 17. d5 Ne5 18. Nxe5 Rxe5 19. Bxa7 Bxh3 20. Qf3 Rg5 21. Be3 Rxg2+ 22. Qxg2 Rxa1 23. Rxa1 Bxg2 24. Ra8+ Bf8 25. Bc5 h5 26. Rxf8+ Kh7 27. Bd3+ Kh6 28. Be3+ g5 29. Rh8+ Kg7 30. Bd4+ 1-0

[Event "POL-chT 2nd League"]
[Site "Jastrzebia Gora"]
[Date "2022.09.05"]
[Round "3.90"]
[White "Niekras, Dawid"]
[Black "Klepek, Witold"]
[Result "0-1"]
[WhiteElo "2309"]
[BlackElo "2182"]
[PlyCount "120"]
[EventDate "2022.09.03"]
[EventType "team-swiss"]
[EventRounds "9"]
[EventCountry "POL"]
[SourceTitle "CBM 210 Extra"]
[Source "ChessBase"]
[SourceDate "2022.11.30"]
[SourceVersion "1"]
[SourceVersionDate "2022.11.30"]
[SourceQuality "1"]
[WhiteTeam "Lipno Steszew"]
[BlackTeam "Krakow AGH"]
[WhiteTeamCountry "POL"]
[BlackTeamCountry "POL"]

1. e4 c6 2. Nf3 d5 3. d3 dxe4 4. dxe4 Qxd1+ 5. Kxd1 Nf6 6. Nfd2 g5 7. a4 Nbd7 8. c3 Rg8 9. f3 g4 10. Nc4 b6 11. Be3 Bb7 12. Nbd2 0-0-0 13. b4 e6 14. Kc2 c5 15. b5 Nh5 16. Bd3 gxf3 17. gxf3 e5 18. Rhg1 Be7 19. Rxg8 Rxg8 20. Rg1 Rg6 21. Nb2 Nf4 22. Bc4 Rxg1 23. Bxg1 Bg5 24. Bf2 f6 25. h4 Bh6 26. Bg8 Nf8 27. Nbc4 Kc7 28. Be3 Bc8 29. Nf1 N8g6 30. Bf2 Nh3 31. Bg3 Bf4 32. h5 Ne7 33. Bxh7 Ng5 34. Bg6 Nxf3 35. Nce3 Bh3 36. Kd3 Ng5 37. Bf5 Nxf5 38. exf5 Nf7 39. Ke2 Bg5 40. Nd5+ Kd6 41. c4 Nh6 42. Be1 Bg4+ 43. Kd3 Bxf5+ 44. Ke2 Bg4+ 45. Kd3 Bxh5 46. a5 Bg6+ 47. Ke2 Bf7 48. Nfe3 Bxe3 49. Nxe3 bxa5 50. Bxa5 f5 51. Kd3 f4 52. Nd1 Ng4 53. b6 axb6 54. Bxb6 Bg6+ 55. Kd2 e4 56. Ba7 Ne5 57. Ke1 Nd3+ 58. Kd2 Ke5 59. Nc3 Kd4 60. Nd5 e3+ 0-1

[Event "Suwalki Warakomska Memorial 6th"]
[Site "Suwalki"]
[Date "2022.08.05"]
[Round "3"]
[White "Cukrowski, Filip"]
[Black "Klepek, Witold"]
[Result "1-0"]
[WhiteElo "2386"]
[BlackElo "2164"]
[PlyCount "49"]
[EventDate "2022.08.03"]
[EventType "swiss"]
[EventRounds "9"]
[EventCountry "POL"]
[SourceTitle "CBM 209 Extra"]
[Source "ChessBase"]
[SourceDate "2022.09.30"]
[SourceVersion "1"]
[SourceVersionDate "2022.09.30"]
[SourceQuality "1"]

1. Nf3 Nf6 2. d4 e6 3. c4 d5 4. g3 dxc4 5. Bg2 Bb4+ 6. Bd2 a5 7. Qc1 b5 8. a4 c6 9. axb5 Bxd2+ 10. Nfxd2 Qxd4 11. Qxc4 Qxc4 12. Nxc4 Bd7 13. Nc3 Nd5 14. bxc6 Nxc6 15. Nxd5 exd5 16. Bxd5 Ke7 17. 0-0 Rhb8 18. Rfd1 a4 19. Bxf7 Na5 20. Ne5 Bf5 21. Rxa4 Rxb2 22. e4 Kf6 23. exf5 Kxe5 24. Rd5+ Kf6 25. Be6 1-0

[Event "Suwalki Warakomska Memorial 6th"]
[Site "Suwalki"]
[Date "2022.08.04"]
[Round "2"]
[White "Klepek, Witold"]
[Black "Psyk, Radoslaw"]
[Result "1/2-1/2"]
[WhiteElo "2164"]
[BlackElo "2411"]
[PlyCount "108"]
[EventDate "2022.08.03"]
[EventType "swiss"]
[EventRounds "9"]
[EventCountry "POL"]
[SourceTitle "CBM 209 Extra"]
[Source "ChessBase"]
[SourceDate "2022.09.30"]
[SourceVersion "1"]
[SourceVersionDate "2022.09.30"]
[SourceQuality "1"]

1. e4 c5 2. Nf3 Nc6 3. d4 cxd4 4. Nxd4 e6 5. Nc3 Qc7 6. g3 a6 7. Bg2 Nf6 8. 0-0 Nxd4 9. Qxd4 Bc5 10. Bf4 d6 11. Qd3 h6 12. Rad1 e5 13. Be3 Bxe3 14. fxe3 Be6 15. Qxd6 Rc8 16. Qxc7 Rxc7 17. Rd2 Ke7 18. Rfd1 Rhc8 19. Bf1 Rxc3 20. bxc3 Nxe4 21. Rd3 Nxc3 22. Ra1 b5 23. a3 Bf5 24. Rd2 Ne4 25. Re2 Rc3 26. a4 b4 27. a5 Nc5 28. Ra2 Be6 29. Rb2 Ra3 30. Rxb4 Rxa5 31. Re1 Ra3 32. Bc4 Bd7 33. Bd5 Bb5 34. Bc4 Bd7 35. Bd5 Bb5 36. Bc4 Bc6 37. Bb3 Bf3 38. e4 a5 39. Rb5 Kd6 40. Bd5 Rc3 41. Rxa5 f5 42. Ra2 fxe4 43. Ba8 Rc4 44. Rb1 Ke6 45. Kf2 Na4 46. Rb7 Rd4 47. c3 Nxc3 48. Ra6+ Kf5 49. Rf7+ Kg4 50. Rxg7+ Kh5 51. Bc6 Rd2+ 52. Ke1 Rd1+ 53. Kf2 Rd2+ 54. Ke1 Rd1+ 1/2-1/2

[Event "PGNiG POL Cup"]
[Site "Elblag"]
[Date "2022.04.09"]
[Round "2"]
[White "Klepek, Witold"]
[Black "Socko, Bartosz"]
[Result "0-1"]
[WhiteElo "2152"]
[BlackElo "2636"]
[PlyCount "73"]
[EventDate "2022.04.09"]
[EventType "swiss (rapid)"]
[EventRounds "9"]
[EventCountry "POL"]
[SourceTitle "CBM 207 Extra"]
[Source "ChessBase"]
[SourceDate "2022.05.31"]
[SourceVersion "1"]
[SourceVersionDate "2022.05.31"]
[SourceQuality "1"]

1. e4 c6 2. d4 d5 3. f3 e6 4. Be3 b6 5. Nd2 Ba6 6. Bxa6 Nxa6 7. c3 Nf6 8. Ne2 Be7 9. 0-0 0-0 10. Ng3 c5 11. e5 Nd7 12. f4 cxd4 13. cxd4 g6 14. f5 Bg5 15. Bxg5 Qxg5 16. Qe2 Nc7 17. f6 Rfc8 18. Rac1 Ne8 19. Qd3 Nxe5 20. dxe5 Qxe5 21. Rce1 Qxb2 22. Rxe6 fxe6 23. f7+ Kf8 24. fxe8R+ Kxe8 25. Qe3 Ke7 26. Qg5+ Kd6 27. Rf7 Qd4+ 28. Kh1 Rc7 29. Rxc7 Kxc7 30. Qe7+ Kc6 31. Qxe6+ Kb5 32. Qe2+ Kc6 33. Qe6+ Kb7 34. Qe7+ Ka6 35. Qe2+ b5 36. Nb3 Qb6 37. Qd2 0-1

[Event "POL-chT Academic"]
[Site "Chorzow"]
[Date "2022.04.02"]
[Round "4.14"]
[White "Klepek, Witold"]
[Black "Choina, Adam"]
[Result "1-0"]
[WhiteElo "1939"]
[BlackElo "1843"]
[PlyCount "51"]
[EventDate "2022.04.02"]
[EventType "team-swiss (rapid)"]
[EventRounds "9"]
[EventCountry "POL"]
[SourceTitle "EXT 2024"]
[Source "ChessBase"]
[SourceDate "2023.10.10"]
[SourceVersion "1"]
[SourceVersionDate "2023.10.10"]
[SourceQuality "1"]

1. e4 c5 2. Nf3 d6 3. d4 cxd4 4. Nxd4 Nf6 5. Nc3 g6 6. Be3 Bg7 7. f3 0-0 8. Qd2 Nc6 9. 0-0-0 d5 10. exd5 Nxd5 11. Nxc6 bxc6 12. Nxd5 cxd5 13. Bh6 Bxh6 14. Qxh6 e6 15. h4 Qc7 16. h5 a5 17. Bd3 f5 18. hxg6 Ra7 19. g4 Qg7 20. gxh7+ Qxh7 21. Qe3 Qg7 22. gxf5 d4 23. Qd2 Kf7 24. Rdg1 Qe5 25. Rh7+ Ke8 26. Rxa7 1-0

[Event "POL-chT Academic"]
[Site "Chorzow"]
[Date "2022.04.02"]
[Round "5.2"]
[White "Klepek, Witold"]
[Black "Fus, Jakub"]
[Result "1/2-1/2"]
[WhiteElo "1939"]
[BlackElo "2261"]
[PlyCount "44"]
[EventDate "2022.04.02"]
[EventType "team-swiss (rapid)"]
[EventRounds "9"]
[EventCountry "POL"]
[SourceTitle "EXT 2024"]
[Source "ChessBase"]
[SourceDate "2023.10.10"]
[SourceVersion "1"]
[SourceVersionDate "2023.10.10"]
[SourceQuality "1"]

1. e4 c6 2. d4 d5 3. f3 dxe4 4. fxe4 e5 5. Nf3 Bg4 6. Bc4 Nd7 7. 0-0 Ngf6 8. c3 Bd6 9. Bg5 0-0 10. Nbd2 b5 11. Bb3 h6 12. Be3 c5 13. Qe1 Re8 14. Qh4 c4 15. Bc2 Nf8 16. Nxe5 Bxe5 17. dxe5 Ng6 18. Qg3 Nxe5 19. Bd4 Nh5 20. Qf2 Qc7 21. h3 Bc8 22. Qh4 Nf6 1/2-1/2